<?xml version="1.0" encoding="UTF-8"?>
<record
    xmlns:xsi="http://www.w3.org/2001/XMLSchema-instance"
    xsi:schemaLocation="http://www.loc.gov/MARC21/slim http://www.loc.gov/standards/marcxml/schema/MARC21slim.xsd"
    xmlns="http://www.loc.gov/MARC21/slim">

  <leader>00332    a2200109   4500</leader>
  <controlfield tag="001">ART_34686</controlfield>
  <controlfield tag="005">20260410161928.0</controlfield>
  <controlfield tag="008">260409a                                 </controlfield>
  <datafield tag="245" ind1="1" ind2="0">
    <subfield code="a">El Comit&#xE9; asesor del Consejo de derechos humanos</subfield>
  </datafield>
  <datafield tag="100" ind1="1" ind2=" ">
    <subfield code="a">Coriolano, Mario</subfield>
  </datafield>
  <datafield tag="773" ind1="0" ind2=" ">
    <subfield code="t">Derechos humanos</subfield>
    <subfield code="g">- A&#xF1;o III, N&#xBA; 7 (sep. 2015)</subfield>
    <subfield code="w">REV22278</subfield>
  </datafield>
  <datafield tag="999" ind1=" " ind2=" ">
    <subfield code="c">28331</subfield>
    <subfield code="d">28331</subfield>
  </datafield>
</record>
